000 01070nam a2200289Ia 4500
001 Para_1041
003 CHAP
008 220125s1995 xx 000 0 und d
010 _a199767
040 _cCHAP
090 _aPA TESIS 1007
100 _aDomínguez Sepulveda, Hugo
_933889
245 _aControl quimico de Sitophilus granarius L. (Coleoptera :
_b Curculionidae) y efecto de la fumigación en semilla de cebada maltera almacenada, en relación a su contenido de humedad en Chapingo, México /
_c por Hugo Domínguez Sepulveda
260 _aChapingo, Méx. :
_b El autor
300 _a55 h.
502 _aTesis (Ing. Agr. Esp. en Parasitología Agrícola) -- UACh. Depto. Parasitología
650 _aCereales
_x Almacenamiento
_xplagas
_921378
650 _aSitophilus granarius
_9106788
710 _aUACh. Departamento Parasitología Agrícola
_9164025
901 _aPA TESIS 1007
902 _aA
905 _a0000001995 a 0000000000 00
910 _a1995
942 _cPARA
942 _cPARA
_d1
999 _c199767
_d199767